<?xml version="1.0" encoding="UTF-8"?>
<record
    xmlns:xsi="http://www.w3.org/2001/XMLSchema-instance"
    xsi:schemaLocation="http://www.loc.gov/MARC21/slim http://www.loc.gov/standards/marcxml/schema/MARC21slim.xsd"
    xmlns="http://www.loc.gov/MARC21/slim">

  <leader>00854cam a2200205 a 4500</leader>
  <controlfield tag="001">000001670</controlfield>
  <controlfield tag="005">20200929145645.0</controlfield>
  <controlfield tag="008">840608s1961    it       b    001 0 ita  </controlfield>
  <datafield tag="040" ind1=" " ind2=" ">
    <subfield code="a">DO-SdBNP</subfield>
    <subfield code="d">spa</subfield>
    <subfield code="d">BNPHU</subfield>
  </datafield>
  <datafield tag="082" ind1=" " ind2=" ">
    <subfield code="a">945.4541</subfield>
    <subfield code="b">B693r</subfield>
  </datafield>
  <datafield tag="110" ind1="1" ind2=" ">
    <subfield code="a">Italia.</subfield>
    <subfield code="b">Ministero Dell&#xB4;Interno.</subfield>
    <subfield code="b">Archivio di Stato Di Bologna.</subfield>
    <subfield code="9">5427</subfield>
  </datafield>
  <datafield tag="245" ind1="1" ind2="0">
    <subfield code="a">Riformagioni e provvigioni del Comune di Bologna dal 1248 al 1400 :</subfield>
    <subfield code="b">inventario.</subfield>
  </datafield>
  <datafield tag="260" ind1=" " ind2=" ">
    <subfield code="a">Roma :</subfield>
    <subfield code="b">Ministero Dell&#xB4;Interno,</subfield>
    <subfield code="c">1961.</subfield>
  </datafield>
  <datafield tag="300" ind1=" " ind2=" ">
    <subfield code="a">382 p. ;</subfield>
    <subfield code="c">25 cm.</subfield>
  </datafield>
  <datafield tag="490" ind1="1" ind2=" ">
    <subfield code="a">Ministero Dell&#xB4;Interno Pubblicazioni degli Archivi Di Stato</subfield>
    <subfield code="v">no. 48</subfield>
  </datafield>
  <datafield tag="651" ind1=" " ind2="4">
    <subfield code="a">Bolonia (Italia{Rpara}</subfield>
    <subfield code="x">Historia</subfield>
    <subfield code="9">5428</subfield>
  </datafield>
  <datafield tag="610" ind1="1" ind2="4">
    <subfield code="a">BOLONIA (ITALIA)</subfield>
    <subfield code="b">ARCHIVOS NACIONAL DE ITALIA</subfield>
    <subfield code="9">5429</subfield>
  </datafield>
  <datafield tag="610" ind1="1" ind2="4">
    <subfield code="a">ITALIA</subfield>
    <subfield code="b">MINISTERIO DEL INTERIOR</subfield>
    <subfield code="9">5430</subfield>
  </datafield>
  <datafield tag="830" ind1=" " ind2="0">
    <subfield code="a">Ministero Dell&#xB4;Interno Pubblicazioni degli Archivi Di Stato ;</subfield>
    <subfield code="v">no. 48</subfield>
    <subfield code="9">5431</subfield>
  </datafield>
  <datafield tag="952" ind1=" " ind2=" ">
    <subfield code="0">0</subfield>
    <subfield code="1">0</subfield>
    <subfield code="5">2</subfield>
    <subfield code="7">0</subfield>
    <subfield code="8">MO</subfield>
    <subfield code="a">GR</subfield>
    <subfield code="b">GR</subfield>
    <subfield code="c">CT</subfield>
    <subfield code="d">2009-09-14</subfield>
    <subfield code="i">LF1</subfield>
    <subfield code="l">0</subfield>
    <subfield code="o">945.4541 B693r</subfield>
    <subfield code="p">1670-10</subfield>
    <subfield code="r">2020-06-25</subfield>
    <subfield code="w">2020-06-25</subfield>
    <subfield code="y">2</subfield>
    <subfield code="Z">Pr&#xE9;stamo interno</subfield>
  </datafield>
  <datafield tag="999" ind1=" " ind2=" ">
    <subfield code="c">1551</subfield>
    <subfield code="d">1551</subfield>
  </datafield>
</record>
